[Event "Stuttgart-chB int"]
[Site "Ditzingen"]
[Date "2016.05.08"]
[Round "7"]
[White "Wagner, Dimitrij"]
[Black "Schreiber, Winfried"]
[Result "0-1"]
[WhiteElo "1445"]
[BlackElo "1575"]
[PlyCount "148"]
[EventDate "2016.05.05"]
[EventType "swiss"]
[EventRounds "7"]
[EventCountry "GER"]
[SourceTitle "EXT 2018"]
[Source "ChessBase"]
[SourceDate "2017.10.13"]
[SourceVersion "1"]
[SourceVersionDate "2017.10.13"]
[SourceQuality "1"]

1. e4 c5 2. Nf3 Nc6 3. d4 cxd4 4. Nxd4 Nf6 5. Nc3 a6 6. Be2 e6 7. Be3 Be7 8. Qd2 0-0 9. 0-0-0 b5 10. a3 Bb7 11. f3 b4 12. axb4 Bxb4 13. Nxc6 Bxc6 14. Qd4 Qa5 15. Nb1 e5 16. Qb6 Rfb8 17. Qxa5 Bxa5 18. Bc4 Rb7 19. Bd2 Bc7 20. Bc3 a5 21. Na3 a4 22. Bd5 Ra6 23. Nc4 Rb5 24. Bxe5 Bxe5 25. Nxe5 Bxd5 26. exd5 a3 27. bxa3 Rxa3 28. c4 Rb4 29. c5 Rc3+ 30. Kd2 Rxc5 31. Nd3 Rxd5 32. Rc1 g6 33. Rc8+ Kg7 34. Rhc1 Rb2+ 35. R1c2 Rxc2+ 36. Kxc2 Ra5 37. Kd2 Ra2+ 38. Rc2 Rxc2+ 39. Kxc2 Nd5 40. Kd2 d6 41. Ne1 h5 42. Kd3 Kf6 43. Kd4 Ke6 44. g3 f5 45. Nd3 g5 46. h4 gxh4 47. gxh4 Nf6 48. Nf4+ Kd7 49. Nd5 Nxd5 50. Kxd5 Ke7 51. Kd4 Ke6 52. f4 Kd7 53. Kd5 Ke7 54. Kc4 Ke6 55. Kd4 Ke7 56. Kc4 Kd8 57. Kd4 Kc7 58. Kd5 Kd7 59. Kc4 Kc6 60. Kd4 d5 61. Ke5 Kc5 62. Kxf5 Kc4 63. Ke5 d4 64. f5 d3 65. f6 d2 66. f7 d1Q 67. f8Q Qd4+ 68. Ke6 Qd5+ 69. Ke7 Qe4+ 70. Kf7 Qf4+ 71. Ke7 Qxh4+ 72. Kf7 Qf4+ 73. Ke7 Qxf8+ 74. Kxf8 h4 0-1